Ruina e revolta (Record no. 45647)

MARC details
000 -Etiqueta do registo
Valores 00751nam a2200241 4500
010 ## - Número ISBN
ISBN 9789892355887
021 ## - Número do Depósito Legal
Código do país Portugal
Número 508415/22
100 ## - Dados gerais de processamento
Dados gerais 20231124d2023 e y0pory50030103ba
102 ## - País de publicação
País Portugal
200 1# - Titulo e menção de responsabilidade
Título próprio Ruina e revolta
Primeira menção de responsabilidade Leigh Bardugo
Outras menções de responsabilidade trad. Raquel Dutra Lopes
205 ## - Menção da edição
Edição 1<U+00AA> ed
210 #9 - Publicação
Local de publicação Alfragide
Nome do editor ASA,
Data de publicação 2023
215 ## - Descrição física 
Paginação / Volumes 372 p.
Outras indicações físicas il.
Dimensões 24 cm
225 2# - Colecção 
Título próprio da colecção 1001 mundos
Nome de parte ou secção Triologia Grisha
Indicação de volume V.3
304 ## - Nota relativa ao título
Texto de nota Tít. orig.: Ruin and rising
675 ## - CDU
Notação 821.111(73)-93"20"
Edição BN
Língua por
700 #1 - Autor principal (pessoa individual)
Apelido Bardugo,
Nome Leigh
Datas 1975-
702 #1 - Autor secundário (pessoa individual)
Apelido Lopes,
Nome Raquel,
Datas 1983-
801 #0 - Fonte de origem
País PT
Agência BN
Regras de catalogação RPC
856 41 - Localização e acesso electrónico 
URL <a href="http://rnod.bnportugal.gov.pt/ImagesBN/winlibimg.aspx?skey=&doc=2150159&img=186261&save=true">http://rnod.bnportugal.gov.pt/ImagesBN/winlibimg.aspx?skey=&doc=2150159&img=186261&save=true</a>
990 ## - Elementos KOHA
Tipo de documento Livro
Holdings
Estado Biblioteca de origem Código de barras Cota Permissão de empréstimo Tipo de documento Nota relativa ao exemplar Empréstimo Forma de aquisição
  Biblioteca Municipal de Redondo 054142 821.111(73)-9 BAR   MON 3º.v. Biblioteca Municipal de Redondo  

Powered by Koha